[Event "SUI-chT"]
[Site "Switzerland"]
[Date "2010.11.06"]
[Round "8.6"]
[White "Raeber, Markus"]
[Black "Rindlisbacher, Jan"]
[Result "1-0"]
[WhiteElo "2267"]
[BlackElo "2088"]
[PlyCount "83"]
[EventDate "2010.02.14"]
[EventType "team-tourn"]
[EventRounds "9"]
[EventCountry "SUI"]
[SourceTitle "EXT 2011"]
[Source "ChessBase"]
[SourceDate "2010.11.26"]
[SourceVersion "1"]
[SourceVersionDate "2010.11.26"]
[SourceQuality "1"]
[WhiteTeam "Luzern"]
[BlackTeam "Bern"]
[WhiteTeamCountry "SUI"]
[BlackTeamCountry "SUI"]

1. d4 Nf6 2. Nf3 g6 3. g3 Bg7 4. Bg2 d6 5. 0-0 0-0 6. c4 Nbd7 7. Nc3 e5 8. h3 Re8 9. e4 exd4 10. Nxd4 a6 11. Re1 Rb8 12. Rb1 Ne5 13. b3 c5 14. Nc2 Nc6 15. Bb2 Re6 16. Nd5 Ne8 17. Nf4 Re7 18. Ne3 Bxb2 19. Rxb2 Ng7 20. Rd2 Nd4 21. Nc2 Nxc2 22. Qxc2 Ne6 23. Qd1 Nd4 24. Ne2 Bxh3 25. Nxd4 Bxg2 26. Kxg2 cxd4 27. Rxd4 Qa5 28. Re2 Rbe8 29. f3 Re6 30. Rxd6 Rxd6 31. Qxd6 Rd8 32. Qf4 Qc3 33. g4 Rd1 34. e5 Qd3 35. Kf2 Qb1 36. e6 Rf1+ 37. Kg3 Rg1+ 38. Kh4 fxe6 39. Qb8+ Kf7 40. Qc7+ Kf8 41. Qd6+ Kg7 42. Qe7+ 1-0

[Event "Verbandsliga Sued Baden 1011"]
[Site "Baden"]
[Date "2010.10.31"]
[Round "2.3"]
[White "Raka, Ramadan"]
[Black "Raeber, Markus"]
[Result "0-1"]
[WhiteElo "2154"]
[BlackElo "2196"]
[PlyCount "68"]
[EventDate "2010.10.17"]
[EventType "team-tourn"]
[EventRounds "9"]
[EventCountry "GER"]
[SourceTitle "EXT 2012"]
[Source "ChessBase"]
[SourceDate "2011.11.24"]
[SourceVersion "1"]
[SourceVersionDate "2011.11.24"]
[SourceQuality "1"]
[WhiteTeam "Iffezheim"]
[BlackTeam "Zaehringen"]
[WhiteTeamCountry "GER"]
[BlackTeamCountry "GER"]

1. d4 Nf6 2. Nf3 g6 3. Bf4 Bg7 4. e3 0-0 5. h3 d6 6. Be2 b6 7. 0-0 Bb7 8. c4 Nbd7 9. Nc3 Re8 10. Re1 e5 11. Bh2 Ne4 12. Nxe4 Bxe4 13. Nd2 Bb7 14. Bf3 Bxf3 15. Nxf3 exd4 16. exd4 a5 17. Qd2 Qf6 18. Bf4 Nf8 19. Rad1 Rxe1+ 20. Rxe1 Ne6 21. Be3 a4 22. Rd1 Qf5 23. Nh2 h5 24. Nf3 d5 25. Qb4 Bf8 26. Qb5 Ra5 27. Qe8 dxc4 28. Ne5 a3 29. bxa3 Rxa3 30. Nc6 Qf6 31. d5 Ng7 32. Qc8 Nf5 33. Bf4 Rxa2 34. Bxc7 Nd6 0-1